000 00355nam a2200133Ia 4500
008 220613s9999||||xx |||||||||||||| ||und||
100 _aBenjamin W Eidem
245 0 _aEchocardiography in Pediatric and Adult Congential Heart Disease
250 _a2010
260 _bLippincott Williams & Wilkins
300 _a500
650 _aCardiology
942 _cMEDI
999 _c9454
_d9454